000 00632nam a2200217 a 4500
001 000012933
005 20241021092515.0
008 091118s2003 dr a 000 j spa d
020 _a9993461504
040 _aDO-SdBNP
_bspa
_cBNPHU
082 _aRD863.44
_bS684m, 2003
100 1 _aSolano, Miguel,
_91543
245 1 0 _aMemorias del alma /
_cMiguel Solano.
250 _a2a ed.
260 _aSanto Domingo :
_bCocolo,
_c2003.
300 _a177 p. :
_bil. ;
_c21 cm.
590 _aInventariado,2019/VM
650 0 _aCuentos dominicanos
_9176
650 0 _aLiteratura dominicana.
_967
910 _aValidado. Control de calidad MFF
999 _c12581
_d12581